Theory of equations
Αποθηκεύτηκε σε:
| Κύριος συγγραφέας: | |
|---|---|
| Μορφή: | Βιβλίο |
| Γλώσσα: | English |
| Δημοσίευση: |
Edinburg : New York :
Oliver and Boyd ;, Interscience Publishers, INC,
1957, c1952.
|
| Έκδοση: | 5th ed., rev., Repr. |
| Σειρά: | University mathematical texts
|
| Θέματα: | |
| Ετικέτες: |
Προσθήκη ετικέτας
Δεν υπάρχουν, Καταχωρήστε ετικέτα πρώτοι!
|
MARC
| LEADER | 00000nam a2200000 i 4500 | ||
|---|---|---|---|
| 001 | 1/96071 | ||
| 008 | 081024r19521957enk eng d | ||
| 035 | |l 10101173 | ||
| 040 | |a GR-MY-UA |b gre |e aacr | ||
| 041 | 0 | |a eng | |
| 082 | 0 | |a 512.94 |2 (22) | |
| 100 | 1 | |a Turnbull, H. W. |q (Herbert Westren) |d 1885-1961. | |
| 245 | 1 | 0 | |a Theory of equations / |c by H. W. Turnbull. |
| 250 | |a 5th ed., rev., Repr. | ||
| 260 | |a Edinburg : |a New York : |b Oliver and Boyd ;, |b Interscience Publishers, INC, |c 1957, c1952. | ||
| 300 | |a xii, 166 σ. ; |b σχέδια ; |c 20 εκ. | ||
| 490 | 1 | |a (University Mathematical texts) | |
| 500 | |a Το αντίτυπο 2 είναι ανατύπωση του 1939 και έτος έκδοσης 1946. | ||
| 504 | |a περιέχει ευρετήριο | ||
| 650 | 0 | 0 | |a Equations, Theory of. |
| 830 | 0 | |a University mathematical texts | |
| 852 | |a INST |b SAMOS |c MAG |e 20081024 |h 512.94 TUR |p 005300029760 |q 005300029760 |t BK |y 0 | ||
| 852 | |a INST |b SAMOS |c MAG |e 20151006 |h 512.94 TUR |p 005300042974 |q 005300042974 |t BK |y 0 | ||
| 901 | |a BIBL3-2008-3 | ||
| 909 | |a Σ |b 134990 | ||
| 920 | |a ΜΑΓΕΙΡΑΣ |b ΠΑΝΑΓΙΩΤΗΣ |y ΣΑΜΟΣ |z 2008-09 | ||
| 970 | |a ΡΟΥΣΣΟΥ |b ΚΩΝΣΤΑΝΤΙΝΑ |z 2008/10/24 | ||
| 970 | |a Σιτζίμη |b Γιασεμή |z 06/10/2015 | ||